000 00478nam a22001937a 4500
003 dpl
005 20180730153425.0
008 180730b xxu||||| |||| 00| 0 eng d
010 _aA-821281
016 _aA-821281
035 _aA-821281
037 _bBPPD/PUB
040 _c0
082 _aS
245 _aComplete illust.work of the brothers /
260 _alondon
_bChancellor press
_c1984
300 _a852p.
_c22 cm (Hb)
942 _adpl
_cEN
_kS / COM
_2ddc
_hS
_mCOM
999 _c155154
_d155154